| 000 | 00537cam a2200193 a 4500 | ||
|---|---|---|---|
| 001 | 000008111 | ||
| 005 | 20200929154434.0 | ||
| 008 | 790823s1968 ve 000 f spa d | ||
| 040 |
_aDO-SdBNP _bspa _cBNPHU |
||
| 082 |
_aV863.44 _bI12c |
||
| 100 | 1 |
_aIbarra, Vicente. _922023 |
|
| 245 | 1 | 0 |
_aCamioneros : _bnovela / _cVicente Ibarra. |
| 260 |
_aCaracas : _bMonte Ávila, _c1968. |
||
| 300 |
_a126 p. ; _c20 cm. |
||
| 490 | 1 | _aPrisma | |
| 650 | 4 |
_aNovela venezolana _93962 |
|
| 650 | 4 |
_aLiteratura venezolana _93816 |
|
| 830 | 0 |
_aPrisma _93770 |
|
| 999 |
_c7888 _d7888 |
||